Statistics for Star Wars Characters by Screen Time

Click here to take the quiz!

General Stats

  • This quiz has been taken 35,532 times
    (15,432 since last reset)
  • The average score is 16 of 22

Answer Stats

Minutes Character % Correct
162Darth Vader
99%
132Luke Skywalker
99%
77Princess Leia
97%
83Han Solo
96%
113Obi-Wan Kenobi
92%
59R2-D2
89%
44Yoda
88%
49Emperor Palpatine
87%
70C-3PO
87%
59Chewbacca
87%
128Rey
81%
55Kylo Ren
70%
72Padmé Amidala
69%
75Finn
69%
15Mace Windu
60%
17Lando Calrissian
59%
47Poe Dameron
55%
36Qui-Gon Jinn
55%
21Jar Jar Binks
55%
12Count Dooku
48%
22BB-8
43%
16Rose Tico
26%

Score Distribution

Percentile by Number Answered

Percent of People with Each Score

Your Score History

You have not taken this quiz since the last reset